Electrical Conductivity in a Laser Beam Channel; Russian Physics Journal; Vol. 63, iss. 5
| Parent link: | Russian Physics Journal Vol. 63, iss. 5.— 2020.— [P. 824-830] |
|---|---|
| Autor Corporativo: | |
| Outros autores: | , , , , , |
| Summary: | Title screen Electrical conductivity in a laser beam channel has been investigated. Oscillations of the conductivity caused by the oscillation motion of electrons in laser-induced breakdown plasma are established in an external electric field. An expression for estimation of charged particle concentration has been obtained. Режим доступа: по договору с организацией-держателем ресурса |
| Idioma: | inglés |
| Publicado: |
2020
|
| Subjects: | |
| Acceso en liña: | https://doi.org/10.1007/s11182-020-02104-5 |
| Formato: | Electrónico Capítulo de libro |
| KOHA link: | https://koha.lib.tpu.ru/cgi-bin/koha/opac-detail.pl?biblionumber=662925 |
MARC
| LEADER | 00000naa0a2200000 4500 | ||
|---|---|---|---|
| 001 | 662925 | ||
| 005 | 20250416155828.0 | ||
| 035 | |a (RuTPU)RU\TPU\network\34093 | ||
| 090 | |a 662925 | ||
| 100 | |a 20210112d2020 k||y0rusy50 ba | ||
| 101 | 0 | |a eng | |
| 135 | |a drcn ---uucaa | ||
| 181 | 0 | |a i | |
| 182 | 0 | |a b | |
| 200 | 1 | |a Electrical Conductivity in a Laser Beam Channel |f S. F. Balandin, V. A. Donchenko, A. A. Zemlyanov [et al.] | |
| 203 | |a Text |c electronic | ||
| 300 | |a Title screen | ||
| 320 | |a [References: 7 tit.] | ||
| 330 | |a Electrical conductivity in a laser beam channel has been investigated. Oscillations of the conductivity caused by the oscillation motion of electrons in laser-induced breakdown plasma are established in an external electric field. An expression for estimation of charged particle concentration has been obtained. | ||
| 333 | |a Режим доступа: по договору с организацией-держателем ресурса | ||
| 461 | |t Russian Physics Journal | ||
| 463 | |t Vol. 63, iss. 5 |v [P. 824-830] |d 2020 | ||
| 610 | 1 | |a электронный ресурс | |
| 610 | 1 | |a труды учёных ТПУ | |
| 610 | 1 | |a conductivity | |
| 610 | 1 | |a laser | |
| 610 | 1 | |a spark | |
| 610 | 1 | |a vibrations | |
| 610 | 1 | |a channel | |
| 610 | 1 | |a проводимость | |
| 610 | 1 | |a лазеры | |
| 610 | 1 | |a искры | |
| 610 | 1 | |a вибрации | |
| 610 | 1 | |a каналы | |
| 701 | 1 | |a Balandin |b S. F. |g Sergei Flavievich | |
| 701 | 1 | |a Donchenko |b V. A. |g Vitaly Alekseevich | |
| 701 | 1 | |a Zemlyanov |b A. A. |g Aleksandr Anatoljevich | |
| 701 | 1 | |a Myshkin (Mishkin) |b V. F. |c Physicist |c Professor of Tomsk Polytechnic University, Doctor of physical and mathematical sciences |f 1962- |g Vyacheslav Fedorovich |3 (RuTPU)RU\TPU\pers\31492 |9 15653 | |
| 701 | 1 | |a Khan |b V. A. |c physicist |c Associate Professor of Tomsk Polytechnic University, Doctor of technical sciences |f 1952- |g Valery Alekseevich |3 (RuTPU)RU\TPU\pers\31988 |9 16048 | |
| 701 | 1 | |a Abramova |b E. S. |g Elena Sergeevna | |
| 712 | 0 | 2 | |a Национальный исследовательский Томский политехнический университет |b Инженерная школа ядерных технологий |b Отделение ядерно-топливного цикла |3 (RuTPU)RU\TPU\col\23554 |9 28351 |
| 801 | 2 | |a RU |b 63413507 |c 20210112 |g RCR | |
| 850 | |a 63413507 | ||
| 856 | 4 | 0 | |u https://doi.org/10.1007/s11182-020-02104-5 |
| 942 | |c CF | ||